Geography Quiz

Random Geography or Blitz Quiz

'V' States Blitz Quiz Stats

Quiz Updated Oct 24, 2017

Also try: 'W' States Blitz
Challenge
Share
Tweet
Embed
Score 0/5 Timer 00:30
2 Plays Today
% Correct
Virginia
92%
Vermont
90.2%
West Virginia
84.3%
Nevada
73.1%
Pennsylvania
35.2%

You're not logged in!

Compare scores with friends on all Sporcle quizzes.
Sign Up with Email
OR
Log In

You Might Also Like...

Show Comments

Extras

Top Quizzes Today


Score Distribution

Your Account Isn't Verified!

In order to create a playlist on Sporcle, you need to verify the email address you used during registration. Go to your Sporcle Settings to finish the process.